000 00322nam a2200109Ia 4500
008 201217s9999 xx 000 0 und d
100 _aGuzzo, Richard A.
245 0 _aImproving group decision making in organizations: Approaches from theory and research
260 _aNew York
_bAcademic Press
300 _a160
942 _cBK
999 _c7959
_d7959